00200nam a2200085Ia 4500008004100000100001800041245002300059260002300082260000900105170620s9999 xx 000 0 und d aDiwan - Paras 0aAdministrative Law ballahabad Law Pub. c2004